Largest Cities in Kent: UK city quizzes - Statistics

General Stats
  • This quiz has been taken 111 times
  • The average score is 12 of 18
Answer Stats
Rank City % Correct
15 Dover
91%
2 Maidstone
90%
11 Canterbury
89%
4 Ashford
78%
6 Margate
77%
9 Folkestone
70%
12 Ramsgate
70%
14 Tonbridge
70%
1 Gillingham
67%
3 Chatham
63%
7 Dartford
63%
18 Deal
60%
17 Whitstable
54%
8 Gravesend
52%
13 Herne Bay
50%
10 Sittingbourne
50%
5 Royal Tunbridge Wells
32%
16 Strood
27%
No matching quizzes found
Score Distribution
Percent of People with Each Score
Percentile by Number Answered
Your Score History
You have not taken this quiz